000
00227 a2200097 4500
001
1131
100
_a
Jackson,S.P
245
_a
Selection and application of metallic rectifiers
260
_a
_b
Mcgrawhill
_c
090
_c
693
_d
693
942
_a
NUST-CAE
_c
M
_c
33522
999
_c
236204
_d
236204